| 000 | 01337nam a2200409 c 4500 | ||
|---|---|---|---|
| 001 | 53767 | ||
| 003 | ES-MaCES | ||
| 005 | 20250701144932.0 | ||
| 008 | 250626s2024 sp 000 | spa d | ||
| 017 |
_aV 3333-2024 _bDL |
||
| 020 | _a9788412843613 | ||
| 040 |
_aES-MaCES _bspa _cES-MaCES |
||
| 100 | 1 |
_941399 _aMartínez Castelló, José Miguel |
|
| 245 | 1 | 3 |
_aEl mundo de la juventud _b: desafío y retos de la digitalización para las nuevas generaciones _cJosé Miguel Martínez Castelló |
| 250 | _a1ª ed | ||
| 260 |
_aValencia _bMalián Editora _c2024 |
||
| 300 |
_a292 p. _c23 cm |
||
| 504 | _aBibliografía: p. 287-292 | ||
| 541 | _cCompra | ||
| 650 | 4 |
_anuevas tecnologías _930788 |
|
| 650 | 4 |
_acambio tecnológico _928236 |
|
| 650 | 4 |
_aInternet _930572 |
|
| 650 | 4 |
_adifusión de la información _928915 |
|
| 650 | 4 |
_aevaluación del impacto _930732 |
|
| 650 | 4 |
_ajuventud _928522 |
|
| 650 | 4 |
_acondiciones de vida _927111 |
|
| 650 | 4 |
_asistema de valores _929392 |
|
| 650 | 4 |
_aactitud _926696 |
|
| 650 | 4 |
_auso indebido de drogas _927048 |
|
| 650 | 4 |
_asuicidio _930853 |
|
| 650 | 4 |
_aproblema social _927044 |
|
| 650 | 4 |
_ainvestigación sociológica _927260 |
|
| 653 | 1 | 0 | _aAsuntos Sociales |
| 700 | 1 |
_923048 _aSala Franco, Tomás _edir. y coord. |
|
| 902 | _aLIB Libro | ||
| 942 |
_2CES _cBK _h3.3. |
||
| 999 |
_c53767 _d53767 |
||